00536nam a2200121Ia 4500008004100000100002400041245009600065245008400161260004700245260000900292650002200301856009100323160809s9999 xx 000 0 und d aYehualawork, Abebe. aINCLUSION OF STUDENTS WITH DISABILITIES IN FORMAL VOCATIONAL EDUCATION PROGRAMS IN ETHIOPIA cAbebe Yehualawork Malle Raija Pirttimaa Timo Saloviita University of Jyvaskyla. bInternational Journal of Special Education c2015 xSPECIAL EDUCATION uhttp://www.internationaljournalofspecialed.com/docs/IJSE%20ENTIRE%20ISSUE%2030%202.pdf